000 00619nam a22002417a 4500
003 OSt
005 20140310182807.0
008 130215t xxu||||| |||| 00| 0 eng d
020 _a9810699336
050 _a QA76.9
_b.J71 2005
082 _aM 511
_bJ63 2005
245 _aIntroduction to Discrete Mathematics
_cJohnsonbaugh, Richard
250 _a6th Edition
260 _aUpper Saddle New Jersey
_bPearson
_cc2005
300 _a672p.
_c23cm
521 _aCollege Students
526 _c1210L-1700L
541 _j1
541 _j2
541 _j3
562 _e3
942 _2lcc
_cBK
_kM
999 _c16092
_d16092